AGRICULTURE PESTS OF SOUTH ASIA AND THEIR MANAGEMENT (Record no. 8056)

MARC details
000 -LEADER
fixed length control field 00498nam a22001817a 4500
005 - DATE AND TIME OF LATEST TRANSACTION
control field 20230109101121.0
008 - FIXED-LENGTH DATA ELEMENTS--GENERAL INFORMATION
fixed length control field 221216b |||||||| |||| 00| 0 eng d
020 ## - INTERNATIONAL STANDARD BOOK NUMBER
ISBN 978-93-272-5072-5
041 ## - LANGUAGE CODE
Language code of text/sound track or separate title eng
082 ## - DEWEY DECIMAL CLASSIFICATION NUMBER
Classification number 623.60 ATW-A
100 ## - MAIN ENTRY--AUTHOR NAME
Personal name ATWAL, A.S AND DHALIWAL ,G .S
245 ## - TITLE STATEMENT
Title AGRICULTURE PESTS OF SOUTH ASIA AND THEIR MANAGEMENT
250 ## - EDITION STATEMENT
Edition statement 8th ed.
260 ## - PUBLICATION, DISTRIBUTION, ETC. (IMPRINT)
Place of publication LUDHINA
Name of publisher KALYANI PUBLISHERS
Year of publication 2020
300 ## - PHYSICAL DESCRIPTION
Number of Pages 678;P.
650 ## - SUBJECT ADDED ENTRY--TOPICAL TERM
Topical Term AGRICULTURE
942 ## - ADDED ENTRY ELEMENTS (KOHA)
Koha item type Books
Holdings
Lost status Damaged status Collection code Home library Current library Shelving location Date acquired Source of acquisition Cost, normal purchase price Full call number Accession Number Koha item type
    Reference JRU Library JRU Library SHELF-45-H 18/10/2022 LOHIA BOOK INTERNATIONAL 525.00 623.60-ATW-A 26908 Books
    AGRICULTURE JRU Library JRU Library SHELF-45-H 18/10/2022 LOHIA BOOK INTERNATIONAL 525.00 623.60-ATW-A 26909 Books
    AGRICULTURE JRU Library JRU Library SHELF-45-H 18/10/2022 LOHIA BOOK INTERNATIONAL 525.00 623.60-ATW-A 26910 Books
    AGRICULTURE JRU Library JRU Library SHELF-45-H 18/10/2022 LOHIA BOOK INTERNATIONAL 525.00 623.60-ATW-A 26911 Books
    AGRICULTURE JRU Library JRU Library SHELF-45-H 18/10/2022 LOHIA BOOK INTERNATIONAL 525.00 623.60-ATW-A 26912 Books